000 01072nas a2200277Ia 4500
001 R142/77665
003 IT-RoPAU
008 151124c99999999xx |||||||||||| ||und||
040 _aIT-RoPAU
040 _cIT-RoPAU
041 _aFRANCESE
100 _aPajon Patrick
_gCodice Aut. SPICS: 17594
210 _aRESEAUX
222 _aReseaux
245 _aRESEAUX, N.039 (GENNAIO 1990)
_bPublic Au Bout Du Fil (Le): Le Paradoxe De Base
250 _a1a ed.
260 _aPARIS
_bCNET
_c1990
501 _bPaulus - SPICS - Società San Paolo EM (non-commercial uses only)
_cCopyright2015
300 _a20 p. [57-76]
362 _aN.039 (GENNAIO 1990)
500 _aParadosso della Base: Telefonate del Pubblico in Diretta. Telematica e Televisione: Telespettaori Impegnati. Personalizzazione Dello Spazio Pubblico. Dal Telespettaore al Cliente. Schema Classico della Comunicazione tra Televisione e Telespettaore. Intera
650 _aCOMUNICAZIONE
_vPUBBLICAZIONE PERIODICA
700 _aSalaun Jean-Michel
700 _gCodice Aut. SPICS: 17595
942 _cCR
999 _c190368
_d190368